000 00595nam a2200181 a 4500
005 20140412111343.0
008 040122s19uu xx 00 eng d
050 _aBB
_bP75Tw 2003
100 _aPolo, Brian S.
245 _aTwo bunnies /
_cwritten by Brian S. Polo; edited by Nati A. Santos; illustrated by Ananias "Dondon" Grajo III.
260 _aPasay City :
_bLittle Big Books Inc,
_c2003.
300 _a16 p. ; ill.
440 _aLittle Big Books Easy Reading Series-Set 2
650 _aBunnies--Fiction
650 _aChildren stories
650 _aStories in rhyme
999 _c105163
_d105163